[Event "AUTO-MASTER-3300"]
[Site "http://www.queenalice.com/game.php?id=1871449"]
[Date "2026.4.5"]
[Round "1"]
[White "cerenzo72"]
[Black "Jsc"]
[Result "0-1"]
[WhiteElo "2113"]
[BlackElo "2024"]

1. c4 e5 2. Nc3 Nf6 3. g3 d5 4. cxd5 Nxd5 5. Bg2 c6 6. Nf3 f6 7. e4 Nb4 8. d4
exd4 9. Nxd4 Bd6 10. O-O O-O 11. a3 N4a6 12. b4 Be5 13. Nce2 Bg4 14. Qb3+ Kh8
15. Bb2 Qb6 16. Rfe1 c5 17. Nc2 Be6 18. Qe3 Bxb2 19. Rab1 Be5 20. bxc5 Qxc5 21.
Rxb7 Qxe3 22. fxe3 Nc6 23. Nf4 Nc5 24. Rbb1 Rab8 25. Nb4 Nxb4 26. axb4 Bxf4 27.
exf4 Nd3 28. Red1 Nxb4 29. e5 Kg8 30. h4 Bg4 31. Rd7 Bxd7 0-1

[Event "AUTO-ADV-4928"]
[Site "http://www.queenalice.com/game.php?id=1871491"]
[Date "2026.4.5"]
[Round "1"]
[White "zubarev"]
[Black "Jsc"]
[Result "1-0"]
[WhiteElo "1985"]
[BlackElo "2018"]

1. d4 d5 2. Nc3 c6 3. Nf3 Na6 4. e3 Nc7 5. Bd3 Bg4 6. O-O e6 7. Be2 Bxf3 8. Bxf3
Nf6 9. Re1 Be7 10. e4 dxe4 11. Nxe4 h6 12. c3 O-O 13. Qd3 Re8 14. Be3 Nfd5 15.
Rac1 b6 16. c4 Nf6 17. b3 Qd7 18. Qd2 Kh7 19. Qc2 g6 20. Qd2 Nxe4 21. Bxe4 h5
22. Qe2 f5 23. Bf3 Rh8 24. Bf4 Bd6 25. Bxd6 Qxd6 26. Qe5 Rad8 27. Rcd1 c5 28.
Qxd6 Rxd6 29. dxc5 Rxd1 30. Rxd1 1-0

[Event "AUTO-ADV-4928"]
[Site "http://www.queenalice.com/game.php?id=1871492"]
[Date "2026.4.5"]
[Round "1"]
[White "Jsc"]
[Black "zubarev"]
[Result "0-1"]
[WhiteElo "2051"]
[BlackElo "1986"]

1. e4 e5 2. Nf3 Nc6 3. d4 d6 4. d5 Nce7 5. h3 Nf6 6. Nfd2 Ng6 7. Bd3 Be7 8. c4
O-O 9. b4 c6 10. Nc3 Ne8 11. O-O f5 12. f3 f4 13. c5 Bh4 14. Bc4 Bg3 15. dxc6+
Kh8 16. cxb7 Bxb7 17. cxd6 Nxd6 18. Bd5 Rb8 19. a3 Ba6 20. Ne2 Bh4 21. Nb3 Bc4
22. Nc3 Bxf1 0-1

[Event "AUTO-ADV-4928"]
[Site "http://www.queenalice.com/game.php?id=1871507"]
[Date "2026.4.5"]
[Round "1"]
[White "WHUSIRO"]
[Black "Jsc"]
[Result "1/2-1/2"]
[WhiteElo "1869"]
[BlackElo "2001"]

1. e4 e6 2. d4 d5 3. exd5 exd5 4. Bd3 Bd6 5. h3 h6 6. Nf3 Nf6 7. O-O O-O 8. Re1
c6 9. c4 b6 10. Nc3 Na6 11. a3 Nc7 12. b4 dxc4 13. Bxc4 Be7 14. Ne5 Bb7 15. Qb3
Ncd5 16. Nxd5 Nxd5 17. Be3 a5 18. Bxd5 cxd5 19. Rac1 a4 20. Qd3 Qd6 21. Rc2 Ba6
22. Qd2 Rfc8 23. Rec1 Bf8 24. Rxc8 Rxc8 25. Rxc8 Bxc8 26. Qc3 Bb7 27. Bf4 f6 28.
Ng6 Qe6 29. Be3 Bd6 30. Qc2 Qe8 31. Nh4 Ba6 32. Nf5 Bf8 33. Qc7 Bc8 34. Nd6 Bxd6
35. Qxd6 Qe6 36. Qxe6+ 1/2-1/2

[Event "AUTO-ADV-4928"]
[Site "http://www.queenalice.com/game.php?id=1871519"]
[Date "2026.4.5"]
[Round "1"]
[White "Jsc"]
[Black "maurice916"]
[Result "1-0"]
[WhiteElo "2008"]
[BlackElo "1865"]

1. e4 c6 2. d4 d5 3. e5 c5 4. c3 Nc6 5. f4 g6 6. Nf3 Bg4 7. h3 Bf5 8. Na3 cxd4
9. cxd4 a6 10. Be3 Bg7 11. Be2 h5 12. Qd2 Nh6 13. Rc1 O-O 14. O-O Qb6 15. Nb1
Na5 16. b3 Nc6 17. Nc3 e6 18. Nh2 f6 19. g4 hxg4 20. hxg4 Be4 21. Nxe4 dxe4 22.
d5 Nd8 23. Bxb6 1-0

[Event "AUTO-ADV-4928"]
[Site "http://www.queenalice.com/game.php?id=1871520"]
[Date "2026.4.5"]
[Round "1"]
[White "maurice916"]
[Black "Jsc"]
[Result "0-1"]
[WhiteElo "1866"]
[BlackElo "1967"]

1. Nf3 d5 2. b3 f6 3. Bb2 e5 4. Nxe5 fxe5 5. Bxe5 Nc6 6. Bb2 Bf5 7. e3 a6 8. Be2
Qg5 9. Bf3 O-O-O 10. h4 Qg6 11. d3 Qe6 12. g4 Bg6 13. Nd2 Nge7 14. Qe2 Bf7 15.
O-O-O Rg8 16. Bg2 Ne5 17. f3 g6 18. d4 N5c6 19. Kb1 Bg7 20. Bh3 Kb8 21. Qd3 Qf6
22. g5 Qd6 23. Qe2 Be6 24. Bxe6 Qxe6 25. Nf1 Nf5 26. Bc1 Nfxd4 27. Qg2 Nb5 28.
Re1 Qe5 29. c3 Qxc3 30. Bb2 Qxe1+ 31. Kc2 Nb4# 0-1

[Event "AUTO-MASTER-3301"]
[Site "http://www.queenalice.com/game.php?id=1871821"]
[Date "2026.4.11"]
[Round "1"]
[White "princesher"]
[Black "Jsc"]
[Result "1-0"]
[WhiteElo "2025"]
[BlackElo "1991"]

1. e4 e6 2. a3 c5 3. d3 d5 4. Be2 d4 5. Bd2 Qb6 6. b3 e5 7. h3 Be7 8. Bg4 Bd7 9.
Bxd7+ Nxd7 10. a4 Qg6 11. g3 Bg5 12. Bxg5 Qxg5 13. Nf3 Qe7 14. Nbd2 Ngf6 15. Nc4
b6 16. Nh4 O-O 17. Qd2 Ne8 18. O-O-O a6 19. Nf5 Qf6 20. g4 h6 21. h4 b5 22. g5
hxg5 23. hxg5 Qd8 24. Nb2 g6 25. Nh6+ Kg7 26. Rh3 Rh8 27. Rdh1 Nc7 28. Ng4 Qe7
29. Rxh8 Rxh8 30. Rxh8 Kxh8 31. f4 exf4 32. Qxf4 Ne6 33. Qh2+ Kg8 34. Nf6+ Nxf6
35. gxf6 Qc7 36. e5 b4 37. Nc4 Qb7 38. Nd6 Qc6 39. Ne4 a5 40. Qh6 Qc8 41. Nd6
Qb8 42. Nxf7 Kxf7 43. Qh7+ Ke8 44. Qe7# 1-0

[Event "AUTO-MASTER-3301"]
[Site "http://www.queenalice.com/game.php?id=1871823"]
[Date "2026.4.11"]
[Round "1"]
[White "yy"]
[Black "Jsc"]
[Result "1-0"]
[WhiteElo "2039"]
[BlackElo "1981"]

1. e4 e6 2. e5 d5 3. d4 c5 4. Bb5+ Bd7 5. Bxd7+ Nxd7 6. c3 c4 7. b3 b5 8. Nd2
Nh6 9. Ndf3 g6 10. Bg5 Qa5 11. Ne2 Nf5 12. O-O Bg7 13. Qc1 f6 14. b4 Qc7 15.
exf6 Nxf6 16. a4 Ne4 17. axb5 Qb6 18. Ra6 1-0

[Event "AUTO-ADV-4930"]
[Site "http://www.queenalice.com/game.php?id=1871932"]
[Date "2026.4.14"]
[Round "1"]
[White "maurice916"]
[Black "Jsc"]
[Result "1-0"]
[WhiteElo "1841"]
[BlackElo "2032"]

1. Nf3 d5 2. b3 f6 3. Bb2 e5 4. Nxe5 fxe5 5. Bxe5 Nf6 6. e3 a6 7. g3 Nc6 8. Bb2
Bf5 9. Bg2 Be7 10. O-O O-O 11. d4 Qd6 12. Nd2 Bg4 13. f3 Bh5 14. g4 Bf7 15. Re1
Nd7 16. c3 Bh4 17. Re2 Bg6 18. Nf1 Rae8 19. f4 Nf6 20. h3 Ne4 21. Bxe4 Bxe4 22.
Rh2 Rf7 23. Qd2 Ref8 24. Rc1 Qf6 25. c4 g5 26. cxd5 Bxd5 27. f5 Qe7 28. Rc3 Qe4
29. Rc2 Qh1+ 30. Rxh1 1-0

[Event "AUTO-ADV-4930"]
[Site "http://www.queenalice.com/game.php?id=1871933"]
[Date "2026.4.14"]
[Round "1"]
[White "Jsc"]
[Black "maurice916"]
[Result "1-0"]
[WhiteElo "2013"]
[BlackElo "1877"]

1. e4 c6 2. d4 d5 3. e5 c5 4. c3 Bf5 5. Na3 cxd4 6. cxd4 h6 7. Be2 e6 8. Nc2 Nc6
9. Be3 Rc8 10. Rc1 Nge7 11. h3 g5 12. h4 g4 13. Bxg4 Bxg4 14. Qxg4 Nf5 15. Bd2
Be7 16. g3 h5 17. Qf4 Qb6 18. Bc3 a5 19. Ne2 Nb4 20. Nxb4 Bxb4 21. O-O Rg8 22.
a3 Be7 23. Kh2 Qb5 24. Ng1 Rg4 25. Qd2 Bxh4 26. gxh4 Rxh4+ 27. Nh3 Qd7 28. Bxa5
Qe7 29. Rxc8+ Kd7 30. Rc7+ Ke8 31. Rxe7+ Kxe7 32. Qg5+ Kd7 33. Qd8+ Kc6 34. Rc1+
Kb5 35. Qb6+ 1-0

[Event "AUTO-OPEN-4648"]
[Site "http://www.queenalice.com/game.php?id=1871974"]
[Date "2026.4.15"]
[Round "1"]
[White "Jsc"]
[Black "game"]
[Result "0-1"]
[WhiteElo "1979"]
[BlackElo "1624"]

1. e4 d6 2. d4 Nf6 3. Bd3 e5 4. d5 Bg4 5. f3 Bh5 6. c4 Be7 7. Nc3 c6 8. Nge2
cxd5 9. cxd5 O-O 10. Be3 b6 11. O-O Nbd7 12. Rc1 a5 13. a4 h6 14. Nb5 Nc5 15.
Qd2 Nb3 0-1

[Event "AUTO-OPEN-4648"]
[Site "http://www.queenalice.com/game.php?id=1871978"]
[Date "2026.4.15"]
[Round "1"]
[White "Jsc"]
[Black "peonaislado"]
[Result "1-0"]
[WhiteElo "1967"]
[BlackElo "1763"]

1. e4 e5 2. Nf3 Nf6 3. Nxe5 d6 4. Nf3 Nxe4 5. Bc4 Bg4 6. h3 Bh5 7. Qe2 Qe7 8.
O-O Nf6 9. Qxe7+ Bxe7 10. Re1 Bxf3 11. gxf3 Nc6 12. Bb5 O-O-O 13. Bxc6 bxc6 14.
Rxe7 Rhf8 15. d3 Nd5 16. Re1 Rfe8 17. Bd2 Rxe1+ 18. Bxe1 Re8 19. Kf1 Nf4 20. h4
Re2 21. Na3 f6 22. Rd1 h5 23. Bd2 g5 24. Bxf4 1-0

[Event "AUTO-OPEN-4648"]
[Site "http://www.queenalice.com/game.php?id=1871979"]
[Date "2026.4.15"]
[Round "1"]
[White "peonaislado"]
[Black "Jsc"]
[Result "0-1"]
[WhiteElo "1778"]
[BlackElo "1987"]

1. d4 d5 2. c4 dxc4 3. Nf3 c6 4. Nc3 Na6 5. e4 e6 6. Bxc4 Nc7 7. Bg5 f6 8. Be3
Ne7 9. h3 Ng6 10. O-O Be7 11. e5 f5 12. Ng5 Bxg5 13. Bxg5 Qxg5 14. Qc1 h6 15.
Qxg5 hxg5 16. b4 b5 17. Be2 Bb7 18. a4 a6 19. a5 Nf4 20. Bf3 O-O-O 21. Rad1 Rh6
22. Ne2 Nxe2+ 23. Bxe2 Nd5 24. Bf3 Nxb4 25. Rd2 Rdh8 26. Kh2 g4 0-1

[Event "AUTO-INT-3960"]
[Site "http://www.queenalice.com/game.php?id=1872323"]
[Date "2026.4.23"]
[Round "2"]
[White "kuntakinte"]
[Black "Jsc"]
[Result "0-1"]
[WhiteElo "1822"]
[BlackElo "2044"]

1. e4 e6 2. d3 c5 3. c4 Nc6 4. Be3 Be7 5. Nf3 h6 6. e5 Qc7 7. Bf4 f6 8. Qe2 fxe5
9. Bxe5 Nxe5 10. Nxe5 Nf6 11. Nd2 d6 12. Qh5+ Nxh5 13. Ng6 Rg8 14. Be2 Nf6 15.
Nf4 g5 16. Nh3 e5 17. f3 Bd7 18. O-O Bxh3 19. gxh3 Qd7 20. Kg2 Nh5 21. Kg1 Qxh3
22. Rf2 Nf4 23. Bf1 Qf5 24. Ne4 Nh3+ 25. Bxh3 Qxh3 26. Rg2 Qxf3 27. Nf2 O-O-O
28. a4 a5 29. Ra3 d5 30. d4 Qe2 31. h3 cxd4 32. Ng4 Bxa3 33. Rxe2 Bd6 34. cxd5
h5 35. Nf6 Rg6 36. Nxh5 Rh6 37. Ng7 Rxh3 38. Rg2 Rg8 39. Nf5 Kd7 40. Rg4 Rf3 41.
Nh6 Rg6 42. Kg2 Rf4 0-1

[Event "AUTO-INT-3960"]
[Site "http://www.queenalice.com/game.php?id=1872324"]
[Date "2026.4.23"]
[Round "2"]
[White "Jsc"]
[Black "kuntakinte"]
[Result "1/2-1/2"]
[WhiteElo "2025"]
[BlackElo "1771"]

1. e4 e5 2. Nf3 Nc6 3. d4 exd4 4. Nxd4 Ne5 5. Bf4 d6 6. Nc3 c6 7. a3 a6 8. Be2
Bd7 9. O-O c5 10. Nf3 Bc6 11. Nd5 Nf6 12. Bg5 Be7 13. Nxf6+ Bxf6 14. Bxf6 Qxf6
15. Nxe5 Qxe5 16. f3 O-O 17. c3 Rad8 18. Bc4 b5 19. Bd5 Bd7 20. Qe2 1/2-1/2

[Event "AUTO-INT-3960"]
[Site "http://www.queenalice.com/game.php?id=1872328"]
[Date "2026.4.23"]
[Round "2"]
[White "ajr"]
[Black "Jsc"]
[Result "0-1"]
[WhiteElo "1706"]
[BlackElo "1994"]

1. d4 d5 2. Nc3 c6 3. h3 Na6 4. Bf4 Nc7 5. e3 Bf5 6. Bxc7 Qxc7 7. Bd3 Bg6 8.
Bxg6 hxg6 9. Nf3 e6 10. a3 Be7 11. O-O g5 12. Nd2 f5 13. Nf3 g4 14. Ne5 gxh3 15.
Qf3 hxg2 16. Qxg2 Bf6 17. f4 O-O-O 18. Rf3 Bxe5 19. fxe5 Nh6 20. Rg3 Ng4 21.
Rxg4 fxg4 22. Qxg4 Qe7 23. Kg2 Rh4 24. Qf3 Qg5+ 0-1

[Event "AUTO-ADV-4922"]
[Site "http://www.queenalice.com/game.php?id=1872889"]
[Date "2026.5.3"]
[Round "2"]
[White "WHUSIRO"]
[Black "Jsc"]
[Result "1-0"]
[WhiteElo "1882"]
[BlackElo "2032"]

1. e4 e6 2. d4 d5 3. exd5 exd5 4. h3 c6 5. Nf3 Be7 6. Bd3 h6 7. c3 Nf6 8. O-O
O-O 9. Re1 b6 10. Be3 a5 11. a3 a4 12. Ne5 b5 13. Qf3 Nbd7 14. Nxc6 1-0

[Event "AUTO-ADV-4924"]
[Site "http://www.queenalice.com/game.php?id=1873386"]
[Date "2026.5.14"]
[Round "2"]
[White "Jsc"]
[Black "Capixaba789"]
[Result "1-0"]
[WhiteElo "2022"]
[BlackElo "1876"]

1. e4 e5 2. Nf3 d6 3. h3 Nc6 4. c3 Nf6 5. Bd3 Be7 6. O-O O-O 7. Bc2 Be6 8. d4
exd4 9. cxd4 Bd7 10. a3 a6 11. Qd3 b5 12. e5 dxe5 13. dxe5 Be6 14. exf6 Qxd3 15.
Bxd3 Bxf6 16. Be4 Bd7 17. Nbd2 Rad8 18. Nb3 Be6 19. Nc5 Nd4 20. Nxd4 Bxd4 21.
Nxa6 c5 22. Nc7 Bb3 23. Nxb5 Bc4 24. Nxd4 Bxf1 25. Kxf1 cxd4 26. Bd3 Rfe8 27.
Bd2 1-0